| 000 | 00570nam a2200193 a 4500 | ||
|---|---|---|---|
| 005 | 20140310183540.0 | ||
| 008 | 111111s19uu xx 00 eng d | ||
| 020 | _a9781412980562 | ||
| 050 |
_aLB 3013 _b.C558 2010 |
||
| 100 | _aColvin, Geoff | ||
| 245 |
_aDefusing disruptive behavior in the classroom / _cGeoff Colvin. |
||
| 260 |
_aCalifornia : _bCorwin Press, _c2010. |
||
| 300 |
_a149 p. : _bill. ; _c25 cm. |
||
| 521 | _aEDU | ||
| 650 | _aClassroom management | ||
| 650 |
_aProblem children _xBehavior modification |
||
| 942 |
_cBK _2lcc _kFOR |
||
| 999 |
_c24782 _d24782 |
||